| 000 | 00660nam a22002531c 4500 | ||
|---|---|---|---|
| 001 | a987675031 | ||
| 008 | 151207s2012 gw |||| 000u rus d | ||
| 020 |
_a9785995001935 _9978-5-9950-0193-5 |
||
| 041 | _arus | ||
| 245 | 0 | 0 |
_aPolitbjuro i delo Berija : _bsbornik dokumentov |
| 264 |
_aMoskva : _bKučkovo pole, _c2012 |
||
| 300 | _a1088 S. | ||
| 600 | 0 | _aBerija, Lavrentij P. | |
| 650 | 0 | _aPolitbüro | |
| 650 | 0 | _aProzess | |
| 650 | 0 | _aUmkreis | |
| 651 | 0 | _aSowjetunion | |
| 655 | 0 | _aQuelle | |
| 700 | 1 |
_aMozochin, O. B. _eHerausgeberIn |
|
| 700 | 1 |
_aPopov, A. Ju. _eHerausgeberIn |
|
| 942 | _cMG | ||
| 040 | _cRU-10907106 | ||
| 003 | RU-10907106 | ||
| 999 |
_c25308 _d25308 |
||